| 000 | 00865nam a2200217Ii 4500 | ||
|---|---|---|---|
| 003 | JO-AjNU | ||
| 008 | 230605s9999||||xx |||||||||||||| ||und|| | ||
| 017 | _a1977/2773 | ||
| 020 | _a977-701-26-6 | ||
| 040 |
_aJO-AjNU _bara _erda _cJO-AjNU |
||
| 041 | _aara | ||
| 050 | 1 | 4 | _aHV31. M3788 1977 |
| 100 | 3 |
_aتأليف: مطر، مصطفى رزق, _eauthor _913236 |
|
| 245 | 0 | 0 | _aتنظيم وإدارة مؤسسات الرعاية والتنمية الاجتماعية من الناحيتين النظرية والتطبيقية |
| 264 | 3 | 1 | _aالقاهرة: مكتبة النهضة المصرية، 1977 |
| 300 |
_a519ص _bيحتوي على ببلوغرافية من 517-519ص |
||
| 336 |
_atext _btxt _2rdacontent |
||
| 337 |
_aunmediated _bn _2rdamedia |
||
| 338 |
_avolume _bnc _2rdacarrier |
||
| 650 | 4 |
_a الخدمة الاجتماعية - إدارة _913237 |
|
| 999 |
_aA3242 _c6810 _d6810 |
||